00553nam a2200145 a 45000010005000000030005000050050017000100080041000270400026000681000021000942450138001152600033002534900037002865000084003233400CDMR20130909124902.0130130s1989||||||||||||||||||||||||||||d aCDMRbcatcCPC GIRONA1 aEspriu, Salvador10aSalvador Espriu. Obres Completesb: Anys d'aprenentatge IV Narrativa, 2cSalvador Espriu ; edició a cura de de Francesc Vallverdú c1989bEdicions 62aBarcelona0 aClàssics Catalans del segle XX aVolum 4 de les obres completes, Anys d'aprenentatge ; correspon a Narrativa 2.